খালেদ ইবনে-ওলীদ / (Record no. 47260)
[ view plain ]
| 000 -LEADER | |
|---|---|
| fixed length control field | 01169nam a2200253 a 4500 |
| 001 - CONTROL NUMBER | |
| control field | 47260 |
| 003 - CONTROL NUMBER IDENTIFIER | |
| rucl marc code | BD-RjUL |
| 005 - DATE AND TIME OF LATEST TRANSACTION | |
| control field | 20211209054302.0 |
| 008 - FIXED-LENGTH DATA ELEMENTS--GENERAL INFORMATION | |
| fixed length control field | 160807s1964 pk ||||| |||| 00| 0 ben d |
| 020 ## - INTERNATIONAL STANDARD BOOK NUMBER | |
| Terms of availability | :PRs. 5.50 |
| 035 ## - SYSTEM CONTROL NUMBER | |
| System control number | (BD-RjUL)47379 |
| 040 ## - CATALOGING SOURCE | |
| Original cataloging agency | BD-RjUL |
| Language of cataloging | ben |
| Transcribing agency | BD-RjUL |
| Modifying agency | BD-RjUL |
| 041 ## - LANGUAGE CODE | |
| Language code of text/sound track or separate title | ben |
| 082 ## - DEWEY DECIMAL CLASSIFICATION NUMBER | |
| Edition number | 23 |
| Classification number | 297.6092 |
| Author mark and year | FAK 1964 |
| 100 1# - MAIN ENTRY--PERSONAL NAME | |
| Personal name | ফারুকী, মুহাম্মদ আখতার |
| 9 (RLIN) | 143868 |
| 245 10 - TITLE STATEMENT | |
| Title | খালেদ ইবনে-ওলীদ / |
| Statement of responsibility, etc. | রচনায়: মুহাম্মদ আখতার ফারুকী ; সম্পাদনায়: মুহাম্মদ তবারক উল্লাহ |
| 260 ## - PUBLICATION, DISTRIBUTION, ETC. (IMPRINT) | |
| Place of publication, distribution, etc. | ঢাকা : |
| Name of publisher, distributor, etc. | এমদাদিয়া লাইব্রেরী , |
| Date of publication, distribution, etc. | ১৯৬৪ . |
| 300 ## - PHYSICAL DESCRIPTION | |
| Pagination | [২০], ২৩২ পৃ ; |
| Size | ২২ সেমি. |
| 504 ## - BIBLIOGRAPHY, ETC. NOTE | |
| Bibliography, etc | নির্ঘণ্ট সংযুক্ত |
| 600 ## - SUBJECT ADDED ENTRY--PERSONAL NAME | |
| Personal name | ইবনে-ওলীদ, খালেদ |
| General subdivision | জীবনী |
| Personal name | Ibne-olid, Khalid |
| General subdivision | Biography |
| 700 ## - ADDED ENTRY--PERSONAL NAME | |
| Personal name | উল্লাহ, মুহাম্মদ তবারক , সম্পাদক |
| 942 ## - ADDED ENTRY ELEMENTS (KOHA) | |
| Source of classification or shelving scheme | Dewey Decimal Classification |
| Koha item type | Books |
| Lost status | Source of classification or shelving scheme | Damaged status | Not for loan | Collection code | Permanent Location | Current Location | Shelving location | Date acquired | Source of acquisition | Cost, normal purchase price | Total Checkouts | Full call number | Date last seen | Date checked out | Copy number | Koha item type |
|---|---|---|---|---|---|---|---|---|---|---|---|---|---|---|---|---|
| Dewey Decimal Classification | Non-fiction | Central Library, University of Rajshahi | Central Library, University of Rajshahi | 27/02/1967 | Farooque library, Rajshahi | 5.50 | 2 | B 297.6092 FAK 1964 | 19/02/2024 | 06/02/2024 | C-2 | Books | ||||
| Dewey Decimal Classification | Non-fiction | Central Library, University of Rajshahi | Central Library, University of Rajshahi | 27/02/1967 | Farooque library, Rajshahi | 5.50 | B 297.6092 FAK 1964 | 07/08/2016 | C-3 | Books | ||||||
| Dewey Decimal Classification | Non-fiction | Central Library, University of Rajshahi | Central Library, University of Rajshahi | 27/02/1967 | Farooque library, Rajshahi | 5.50 | B 297.6092 FAK 1964 | 07/08/2016 | C-4 | Books | ||||||
| Dewey Decimal Classification | Not For Loan | Non-fiction | Central Library, University of Rajshahi | Central Library, University of Rajshahi | Reading Room | 12/06/1968 | Nowroze Kitabistan, Dacca | 5.50 | B 297.6092 FAK 1964 | 14/11/2017 | C-1 | Books | ||||
| Dewey Decimal Classification | Non-fiction | Central Library, University of Rajshahi | Central Library, University of Rajshahi | 27/02/1967 | fFarooque library, Rajshahi | 5.50 | B 297.6092 FAK 1964 | 10/11/2018 | C-5 | Books |